El Roma: objetivo estrátegico de la contra

Versa sobre el puerto del Roma, una zona estratégicas por donde entran las armas para el ejército sandinista y donde se montan los ataques contra los fracasados -la CIA nunca ha podido afectar seriamente los embarques a pesar de estar bien informada sobre su organización-. El Roma es un lugar intere...

詳細記述

保存先:
書誌詳細
フォーマット: テキスト
主題:
タグ: タグ追加
タグなし, このレコードへの初めてのタグを付けませんか!

MARC

LEADER 00000 a a2200000 04500
001 6980
003
040
245 |a El Roma:   |b objetivo estrátegico de la contra  
520 |a Versa sobre el puerto del Roma, una zona estratégicas por donde entran las armas para el ejército sandinista y donde se montan los ataques contra los fracasados -la CIA nunca ha podido afectar seriamente los embarques a pesar de estar bien informada sobre su organización-. El Roma es un lugar interesante para comprender el período por el cual está pasando Nicaragua debido a su importancia estratégica. OB/EL  
650 |a POLITICA INTERNACIONAL  
650 |a ORGANIZACIONES INTERNACIONALES  
650 |a FUERZAS ARMADAS  
650 |a CAMPESINADO  
650 |a GUERRA CIVIL  
650 |a PROBLEMAS POLITICOS  
650 |a MILITARISMO  
773 |g número 84; páginas 25-38  
999 |c 31163  |d 31163